[Event "PSV Duisburg 1 - SF Katernberg 2"]
[Site "Oberliga NRW 2012/2013"]
[Date "2012.10.21"]
[Round "2.4"]
[White "Schiffer, Kai-Uwe"]
[Black "Villwock, Martin"]
[Result "0-1"]
[WhiteElo "2251"]
[BlackElo "2141"]
[PlyCount "130"]
[EventDate "2012.??.??"]
[WhiteTeam "PSV Duisburg 1"]
[BlackTeam "SF Katernberg 2"]

1. e4 e5 2. Nf3 Nc6 3. Bc4 Nf6 4. d3 h6 5. c3 g6 6. O-O Bg7 7. d4 Qe7 8. Re1 d6
9. Nbd2 O-O 10. a4 Nh5 11. Nf1 Bg4 12. d5 Nd8 13. Ne3 Bd7 14. g3 Qe8 15. Be2
Nf6 16. Bd3 a5 17. Nh4 Nh7 18. Nc4 Ng5 19. Kh1 Bf6 20. Qc2 Qe7 21. f3 b6 22.
Be3 Nb7 23. Na3 Kg7 24. Bb5 Bc8 25. b4 Rh8 26. Nc4 Nh3 27. Ng2 h5 28. Bc6 axb4
29. cxb4 h4 30. g4 Ng5 31. Rf1 h3 32. Ne1 Nh7 33. a5 bxa5 34. bxa5 Ra6 35. Nd3
Bg5 36. Bf2 Qf6 37. Qe2 Nd8 38. Nb4 Nxc6 39. dxc6 Be6 40. Bg1 Raa8 41. a6 Rhb8
42. Nd5 Qd8 43. a7 Rb5 44. Na5 Rxd5 45. exd5 Bxd5 46. Qb5 Nf6 47. Rad1 Be6 48.
Rb1 Nd5 49. Qb8 Nb6 50. Qxd8 Bxd8 51. Nb7 Be7 52. Rxb6 cxb6 53. Bxb6 Bd5 54.
Na5 Bg5 55. Kg1 Kf6 56. Kf2 Ke6 57. Rd1 Bf4 58. c7 f5 59. gxf5+ gxf5 60. Be3
Bxh2 61. Rh1 f4 62. Rxh2 fxe3+ 63. Kxe3 Kd7 64. Rxh3 Kxc7 65. Rh6 Rxa7 0-1

[Event "PSV Duisburg 1 - SF Katernberg 2"]
[Site "Oberliga NRW 2012/2013"]
[Date "2012.10.21"]
[Round "2.5"]
[White "Rosen, Willy"]
[Black "Heisel, Guido"]
[Result "1/2-1/2"]
[WhiteElo "2217"]
[BlackElo "2165"]
[Annotator "Doe,John"]
[PlyCount "170"]
[EventDate "2012.??.??"]
[WhiteTeam "SF Katernberg 2"]
[BlackTeam "PSV Duisburg 1"]

1. e4 g6 2. d4 Bg7 3. Nc3 c5 4. dxc5 Bxc3+ 5. bxc3 Nc6 6. Bd3 Qa5 7. Ne2 Nf6 8.
Bg5 Ng4 9. h3 Qxc5 10. Bh4 Nf6 11. f4 d5 12. Bf2 Qa5 13. e5 Ne4 14. Bxe4 dxe4
15. O-O O-O 16. Qd2 Qa4 17. Nd4 f5 18. Rfb1 Rd8 19. Qc1 b6 20. Qb2 Nxd4 21.
Bxd4 Qc6 22. Qb5 Qe6 23. Qb3 Kf7 24. a4 Bd7 25. Kf2 Bc6 26. Qxe6+ Kxe6 27. a5
b5 28. a6 Rd7 29. Ke3 Rg8 30. g4 g5 31. gxf5+ Kxf5 32. fxg5 Rxg5 33. Rg1 Rh5
34. Rg3 Rc7 35. Rf1+ Ke6 36. Rf8 Kd5 37. Rf4 Bd7 38. h4 Bc8 39. Rg5 Rxg5 40.
hxg5 e6 41. Rf8 Bxa6 42. Ra8 Bb7 43. Rxa7 Rf7 44. Ra1 Rf3+ 45. Ke2 Rg3 46. Rg1
Rxg1 47. Bxg1 $11 Kxe5 48. Be3 Bc6 49. Bd2 Be8 50. Be3 Bh5+ 51. Ke1 Kf5 52. Kd2
Bf3 53. Ke1 Kg4 54. Kd2 Bg2 55. Ke2 Bh3 56. Kf2 Kf5 57. Ke2 Bg2 58. Kf2 Bf3 59.
Ke1 Bh5 60. Kd2 Bf7 61. Ke2 e5 62. Kf2 Bc4 63. Ke1 Kg4 64. Kf2 Ba2 65. Ke2 Bb1
66. Kd2 Kf3 67. Bc5 Ba2 68. Bb6 Bb1 69. Bc5 e3+ 70. Bxe3 Bxc2 71. Bc5 Bb3 72.
Bb6 Bc4 73. Bc5 Kf4 74. Be3+ Kf5 75. Ke1 Ke4 76. Kd2 Bf1 77. Bf2 Kd5 78. Ba7
Ke6 79. Bb6 Kf5 80. Be3 Bc4 81. Ke1 Ke4 82. Kd2 Bf7 83. Bb6 Bc4 84. Ba7 Be6 85.
Bb6 Bc4 1/2-1/2

[Event "PSV Duisburg 1 - SF Katernberg 2"]
[Site "Oberliga NRW 2012/2013"]
[Date "2012.10.21"]
[Round "2.6"]
[White "Kleff, Andre"]
[Black "Gassmann, Volker"]
[Result "1/2-1/2"]
[WhiteElo "2087"]
[BlackElo "2141"]
[Annotator "Doe,John"]
[PlyCount "80"]
[EventDate "2012.??.??"]
[WhiteTeam "PSV Duisburg 1"]
[BlackTeam "SF Katernberg 2"]

1. c4 Nf6 2. g3 c6 3. Bg2 d5 4. b3 Bf5 5. Nf3 Nbd7 6. Bb2 e6 7. d3 h6 8. O-O
Bc5 9. Nbd2 O-O 10. Ne5 Nxe5 11. Bxe5 d4 12. Bxf6 gxf6 13. Ne4 Bxe4 14. Bxe4 f5
15. Bg2 Qd6 16. Qd2 Kg7 17. Bh3 Rfd8 18. Rab1 $11 a5 19. Kh1 Kh7 20. Kg2 Bb4
21. Qf4 Qxf4 22. gxf4 Rg8+ 23. Kf3 Rg7 24. Rg1 Rd8 25. Rg3 Bc5 26. Rbg1 Rxg3+
27. hxg3 h5 28. Rd1 Rg8 29. Rh1 Kg6 30. Bg2 Rd8 31. Rd1 Ra8 32. Rb1 Bb4 33. a4
Rd8 34. Rd1 Be7 35. e3 Bf6 36. Ke2 Rh8 37. Bf3 h4 38. gxh4 Rxh4 39. Rg1+ Kh7
40. Rh1 Rxh1 1/2-1/2

[Event "PSV Duisburg 1 - SF Katernberg 2"]
[Site "Oberliga NRW 2012/2013"]
[Date "2012.10.21"]
[Round "2.7"]
[White "Wessendorf, Thomas"]
[Black "Sirringhaus, Wilfried"]
[Result "1-0"]
[WhiteElo "2206"]
[BlackElo "2086"]
[PlyCount "119"]
[EventDate "2012.??.??"]
[WhiteTeam "SF Katernberg 2"]
[BlackTeam "PSV Duisburg 1"]

1. e4 e5 2. Nf3 Nc6 3. Bc4 Nf6 4. d3 Bc5 5. c3 d6 6. Nbd2 Be6 7. b4 Bb6 8. a4
a6 9. O-O O-O 10. Qb3 d5 11. exd5 Bxd5 12. Ba3 Re8 13. Rad1 Qd7 14. Ne4 Rad8
15. Nfd2 Nxe4 16. dxe4 Bxc4 17. Nxc4 Qe6 18. b5 Na5 19. Nxa5 Bxa5 20. Qxe6 fxe6
21. Bb2 axb5 22. axb5 Bb6 23. c4 Rxd1 24. Rxd1 Rf8 25. Rd2 Rf4 26. Re2 Bd4 27.
Bc1 Rf8 28. Ra2 c6 29. bxc6 bxc6 30. Kf1 Rb8 31. Bd2 Kf7 32. Ke2 Ke7 33. f3 Rb3
34. Ra4 Bc5 35. Ra8 Rb2 36. Kd3 Bd4 37. Rc8 Kd6 38. Ra8 Rb1 39. Rg8 Kc5 40.
Rxg7 Rb3+ 41. Ke2 Kxc4 42. Rxh7 c5 43. h4 Rb1 44. h5 Rg1 45. Rg7 Kb3 46. Rg3 c4
47. h6 Rh1 48. Rh3 Rg1 49. Rh2 c3 50. Bg5 c2 51. h7 c1=Q 52. Bxc1 Rxc1 53. h8=Q
Rc2+ 54. Kd1 Ra2 55. Qc8 Ra1+ 56. Kd2 Ra2+ 57. Kd3 Ra3 58. Qc2+ Kb4+ 59. Kd2
Be3+ 60. Ke2 1-0

[Event "PSV Duisburg 1 - SF Katernberg 2"]
[Site "Oberliga NRW 2012/2013"]
[Date "2012.10.21"]
[Round "2.8"]
[White "Spitzer, Erwin"]
[Black "Valkyser, Martin"]
[Result "0-1"]
[WhiteElo "2019"]
[BlackElo "2180"]
[PlyCount "98"]
[EventDate "2012.??.??"]
[WhiteTeam "PSV Duisburg 1"]
[BlackTeam "SF Katernberg 2"]

1. e4 c5 2. Nf3 e6 3. d4 cxd4 4. Nxd4 a6 5. g3 d5 6. e5 Nc6 7. f4 Nxd4 8. Qxd4
Ne7 9. Bd2 Bd7 10. Nc3 Rc8 11. Bd3 Nc6 12. Qf2 Nb4 13. Be3 Nxd3+ 14. cxd3 d4
15. Bxd4 Bc6 16. O-O Bb4 17. Ne4 O-O 18. Rad1 Qd5 19. h4 Qxa2 20. Bc3 Be7 21.
Rfe1 Qd5 22. Kh2 Rfd8 23. Rd2 a5 24. Qb6 Ra8 25. Qc7 Rd7 26. Qb6 Ra6 27. Qf2 b5
28. f5 exf5 29. Qxf5 b4 30. Nd6 bxc3 31. bxc3 g6 32. Qxf7+ Qxf7 33. Nxf7 Bb5
34. Nd6 Bxd6 35. exd6 Raxd6 36. d4 Rd5 37. Re8+ Kg7 38. Rc8 Ba6 39. Rb8 Bc4 40.
Ra8 Bb3 41. Re2 a4 42. Ree8 Rf5 43. g4 Rf3 44. Rec8 Re7 45. c4 Rc3 46. Rg8+ Kh6
47. Rge8 Rxe8 48. Rxe8 Bxc4 49. Re7 a3 0-1

[Event "SG Porz 2 - Düsseldorfer SK 1"]
[Site "Oberliga NRW 2012/2013"]
[Date "2012.10.21"]
[Round "2.2"]
[White "Korotkevych, Stanislav"]
[Black "Schuh, Dirk"]
[Result "1/2-1/2"]
[WhiteElo "2352"]
[BlackElo "2391"]
[PlyCount "77"]
[EventDate "2012.??.??"]
[WhiteTeam "SG Porz 2"]
[BlackTeam "Düsseldorfer SK 1"]

1. d4 d5 2. Nf3 c6 3. c4 dxc4 4. e3 b5 5. a4 e6 6. b3 Bb4+ 7. Bd2 Bxd2+ 8.
Nfxd2 cxb3 9. axb5 b2 10. Ra2 Ne7 11. Qc2 Bb7 12. Ne4 cxb5 13. Bxb5+ Bc6 14.
Nbc3 O-O 15. O-O Nd7 16. Rxb2 a5 17. Ra1 Qc7 18. Ng5 Nf6 19. Nce4 Nxe4 20. Bxc6
Nxg5 21. Bxa8 Qxc2 22. Rxc2 Rxa8 23. Rc5 Ne4 24. Rcxa5 Rxa5 25. Rxa5 f5 26. f3
Nf6 27. Kf2 g5 28. h3 h5 29. g4 hxg4 30. hxg4 fxg4 31. Rxg5+ Kf7 32. e4 gxf3
33. Kxf3 Nc6 34. Ke3 Ne7 35. Rc5 Ng6 36. Rc7+ Kf8 37. Kf3 Ne7 38. Rc1 Kf7 39.
Rc7 1/2-1/2

[Event "SG Porz 2 - Düsseldorfer SK 1"]
[Site "Oberliga NRW 2012/2013"]
[Date "2012.10.21"]
[Round "2.3"]
[White "de Gleria, Francesco"]
[Black "Kipper, Jens"]
[Result "1/2-1/2"]
[WhiteElo "2335"]
[BlackElo "2326"]
[PlyCount "37"]
[EventDate "2012.??.??"]
[WhiteTeam "Düsseldorfer SK 1"]
[BlackTeam "SG Porz 2"]

1. e4 e6 2. d4 d5 3. Nc3 Nf6 4. exd5 exd5 5. Bd3 Nc6 6. Nge2 Nb4 7. Bg5 Be7 8.
Ng3 O-O 9. Be2 h6 10. Bf4 Bd6 11. Bxd6 Qxd6 12. O-O a6 13. Qd2 Re8 14. Rfe1 Bd7
15. Bf1 Nc6 16. a3 Rxe1 17. Rxe1 Re8 18. Rxe8+ Nxe8 19. Be2 1/2-1/2

[Event "SG Porz 2 - Düsseldorfer SK 1"]
[Site "Oberliga NRW 2012/2013"]
[Date "2012.10.21"]
[Round "2.4"]
[White "Malykin, Vitaly"]
[Black "Gazic, Josip"]
[Result "1-0"]
[WhiteElo "2340"]
[BlackElo "2252"]
[PlyCount "53"]
[EventDate "2012.??.??"]
[WhiteTeam "SG Porz 2"]
[BlackTeam "Düsseldorfer SK 1"]

1. Nf3 Nf6 2. c4 c5 3. Nc3 Nc6 4. e3 e6 5. d4 cxd4 6. exd4 d5 7. Bf4 Bb4 8. Bd3
dxc4 9. Bxc4 Ne4 10. Qd3 Qa5 11. O-O Bxc3 12. Qxe4 Bxb2 13. Rab1 Ba3 14. d5 Nd8
15. Bb5+ Kf8 16. Bd2 Qb6 17. Bb4+ Bxb4 18. Qxb4+ Kg8 19. Qe7 g6 20. Be8 Qa5 21.
Ne5 Kg7 22. Bxf7 exd5 23. Be6+ Kh6 24. Ng4+ Kh5 25. g3 g5 26. Qg7 Nxe6 27. Nf6#
1-0

[Event "SG Porz 2 - Düsseldorfer SK 1"]
[Site "Oberliga NRW 2012/2013"]
[Date "2012.10.21"]
[Round "2.5"]
[White "Mueller, Michael"]
[Black "Gallinnis, Norbert"]
[Result "1-0"]
[WhiteElo "2150"]
[BlackElo "2278"]
[PlyCount "141"]
[EventDate "2012.??.??"]
[WhiteTeam "Düsseldorfer SK 1"]
[BlackTeam "SG Porz 2"]

1. e4 c5 2. Nf3 d6 3. Nc3 Nf6 4. Bb5+ Nbd7 5. d4 cxd4 6. Qxd4 a6 7. Bxd7+ Bxd7
8. Bg5 h6 9. Bxf6 gxf6 10. O-O-O Qa5 11. Kb1 Rc8 12. Rhe1 Qc5 13. Nh4 Qxd4 14.
Rxd4 e6 15. f4 Be7 16. f5 Rg8 17. g3 Rc5 18. Na4 Rc6 19. b3 Rg4 20. Rd3 b5 21.
Nc3 Bd8 22. Nd5 Kf8 23. Nf4 Ba5 24. Re2 Bc3 25. h3 Rg8 26. g4 b4 27. Nf3 Rb6
28. Rf2 Ke7 29. Ne2 Be5 30. Nxe5 dxe5 31. Ng3 Bc6 32. Rdf3 Rf8 33. Kb2 Bb7 34.
Rd2 Rd6 35. Rxd6 Kxd6 36. a3 bxa3+ 37. Kxa3 Rc8 38. Rd3+ Ke7 39. c4 a5 40. Rc3
Kd6 41. Rd3+ Ke7 42. Ka4 Rc5 43. Rc3 Bc6+ 44. Ka3 Bd7 45. b4 axb4+ 46. Kxb4 Rc7
47. c5 Rb7+ 48. Ka3 Bc6 49. Rb3 Ra7+ 50. Kb4 Ra4+ 51. Kc3 Rd4 52. Ra3 Rd7 53.
Ra5 Kd8 54. Ra6 Kc7 55. Ra7+ Bb7 56. Nh5 Rd4 57. fxe6 fxe6 58. Nxf6 Kb8 59. Ra1
Bxe4 60. Re1 Rd3+ 61. Kc4 Rd4+ 62. Kb5 Bd3+ 63. Kc6 e4 64. Ra1 e3 65. Nd7+ Rxd7
66. Kxd7 Bb5+ 67. c6 e2 68. Rb1 Ka7 69. Kc7 e5 70. Ra1+ Ba6 71. h4 1-0

[Event "SG Porz 2 - Düsseldorfer SK 1"]
[Site "Oberliga NRW 2012/2013"]
[Date "2012.10.21"]
[Round "2.6"]
[White "Peschlow, Patrick"]
[Black "Luncescu, Christian"]
[Result "1-0"]
[WhiteElo "2280"]
[BlackElo "2155"]
[PlyCount "111"]
[EventDate "2012.??.??"]
[WhiteTeam "SG Porz 2"]
[BlackTeam "Düsseldorfer SK 1"]

1. e4 d5 2. exd5 Qxd5 3. Nc3 Qa5 4. d4 c6 5. Nf3 Nf6 6. Bc4 Bf5 7. Bd2 e6 8.
Nd5 Qd8 9. Nxf6+ gxf6 10. Bb3 Nd7 11. Nh4 Bg6 12. O-O f5 13. g3 Be7 14. Ng2 Bg5
15. Re1 Bxd2 16. Qxd2 Nf6 17. Nf4 O-O 18. c3 Re8 19. Qe2 Nd5 20. Bxd5 cxd5 21.
Qf3 Qd6 22. Re3 Re7 23. Rae1 Rae8 24. b3 b6 25. Nd3 f6 26. Qf4 Qc6 27. Qh6 Qxc3
28. Nf4 Qxd4 29. Rxe6 Qb4 30. Rxe7 Rxe7 31. Rxe7 Qxe7 32. Nxg6 hxg6 33. Qxg6+
Kf8 34. Qxf5 Qd6 35. Kf1 Kg7 36. h4 d4 37. Ke2 Qa3 38. Qc2 Qa6+ 39. Kf3 Qb7+
40. Ke2 Qa6+ 41. Kf3 Qb5 42. g4 d3 43. Qc7+ Kh6 44. Qd6 Kg7 45. Ke3 Qa5 46.
Qxd3 Qxa2 47. Qc3 Kh7 48. h5 Qa3 49. Qxf6 Qxb3+ 50. Kf4 a5 51. g5 Qc4+ 52. Kg3
Qc7+ 53. f4 Qd7 54. g6+ Kg8 55. h6 Qd3+ 56. Kh4 1-0

[Event "SG Porz 2 - Düsseldorfer SK 1"]
[Site "Oberliga NRW 2012/2013"]
[Date "2012.10.21"]
[Round "2.7"]
[White "Berndt, Axel"]
[Black "Kremser, Michael"]
[Result "1-0"]
[WhiteElo "2112"]
[BlackElo "2116"]
[PlyCount "67"]
[EventDate "2012.??.??"]
[WhiteTeam "Düsseldorfer SK 1"]
[BlackTeam "SG Porz 2"]

1. e4 c5 2. c3 d5 3. exd5 Qxd5 4. d4 Nc6 5. Nf3 cxd4 6. cxd4 e5 7. Nc3 Bb4 8.
Bd2 Bxc3 9. Bxc3 e4 10. Ne5 Nxe5 11. dxe5 Ne7 12. Be2 O-O 13. O-O Rd8 14. Bc4
Qxd1 15. Rfxd1 Bg4 16. Rxd8+ Rxd8 17. h3 Be6 18. Bxe6 fxe6 19. Re1 Nd5 20. Rxe4
Nxc3 21. bxc3 Rd2 22. Ra4 a6 23. Rc4 b5 24. Rc6 Rxa2 25. Rxe6 a5 26. Rb6 Rb2
27. e6 Kf8 28. Rb7 a4 29. Rf7+ Kg8 30. Kf1 h6 31. Rf5 a3 32. e7 a2 33. e8=Q+
Kh7 34. Qa8 1-0

[Event "SG Porz 2 - Düsseldorfer SK 1"]
[Site "Oberliga NRW 2012/2013"]
[Date "2012.10.21"]
[Round "2.8"]
[White "Xu, Xianliang"]
[Black "von Buenau, Heinrich"]
[Result "1/2-1/2"]
[WhiteElo "2019"]
[BlackElo "2103"]
[PlyCount "92"]
[EventDate "2012.??.??"]
[WhiteTeam "SG Porz 2"]
[BlackTeam "Düsseldorfer SK 1"]

1. e4 c6 2. d4 d5 3. f3 e6 4. Nc3 Nf6 5. Be3 Bb4 6. e5 Nfd7 7. f4 c5 8. Nf3 Nc6
9. a3 Bxc3+ 10. bxc3 Qa5 11. Qd2 c4 12. Be2 Nb6 13. O-O Bd7 14. Rfb1 O-O-O 15.
a4 Nxa4 16. Ra3 b5 17. Qc1 Ne7 18. Bd2 Qc7 19. Be1 Rdf8 20. Kh1 f6 21. Raa1 h6
22. Qa3 Nf5 23. Bd2 h5 24. Rf1 Rfg8 25. Qc1 Qd8 26. Qe1 h4 27. Kg1 Rh7 28. Qf2
Rgh8 29. Rfb1 Qe8 30. Kf1 Qg6 31. Rc1 Kb7 32. Rab1 Ka8 33. Ra1 Qe8 34. Rab1 Qd8
35. Qe1 Rh6 36. Qf2 Rg6 37. Ke1 Rh7 38. Kf1 Qh8 39. Ra1 Rhh6 40. Rab1 Rh7 41.
Ra1 Qd8 42. Rcb1 Rgh6 43. Qe1 Qe8 44. Qf2 Qc8 45. Kg1 Rg6 46. Kf1 Qh8 1/2-1/2

[Event "SC Hansa Dortmund 2 - Aachener SV 1"]
[Site "Oberliga NRW 2012/2013"]
[Date "2012.10.21"]
[Round "2.1"]
[White "Koch, Thomas"]
[Black "Kotter, Ralf"]
[Result "1/2-1/2"]
[WhiteElo "2402"]
[BlackElo "2293"]
[PlyCount "83"]
[EventDate "2012.??.??"]
[WhiteTeam "Aachener SV 1"]
[BlackTeam "SC Hansa Dortmund 2"]

1. d4 Nf6 2. c4 e6 3. Nf3 b6 4. g3 Ba6 5. b3 Bb4+ 6. Bd2 Be7 7. Bc3 d5 8. Nbd2
O-O 9. Bg2 Nbd7 10. cxd5 exd5 11. O-O Bd6 12. Re1 Re8 13. Bb2 Qe7 14. e3 Rad8
15. a3 Ne4 16. Nh4 g6 17. Nf1 c5 18. f3 Nef6 19. Bh3 cxd4 20. exd4 Qxe1 21.
Qxe1 Rxe1 22. Rxe1 Nf8 23. Ne3 Bc8 24. Bf1 Ne6 25. Rc1 Bb7 26. Nhg2 Rc8 27. Rd1
Kf8 28. Ne1 Ng8 29. Bg2 Ne7 30. Kf2 Rc7 31. Nd3 f6 32. Rd2 Kf7 33. Bh3 Ng5 34.
Bf1 Ne6 35. Ke1 Ng7 36. b4 Ngf5 37. Nxf5 Nxf5 38. Kf2 h5 39. Ne1 h4 40. f4
hxg3+ 41. hxg3 Re7 42. Ng2 1/2-1/2

[Event "SC Hansa Dortmund 2 - Aachener SV 1"]
[Site "Oberliga NRW 2012/2013"]
[Date "2012.10.21"]
[Round "2.2"]
[White "Ackermann, Hans Werner"]
[Black "Sonntag, Hans-Hubert"]
[Result "1/2-1/2"]
[WhiteElo "2230"]
[BlackElo "2339"]
[PlyCount "44"]
[EventDate "2012.??.??"]
[WhiteTeam "SC Hansa Dortmund 2"]
[BlackTeam "Aachener SV 1"]

1. e4 e5 2. Bc4 Nf6 3. d3 c6 4. Nf3 Be7 5. O-O d6 6. h3 O-O 7. c3 Qc7 8. Nbd2
d5 9. Bb3 Nbd7 10. Qe2 Re8 11. Re1 Bd6 12. Nf1 Nc5 13. Bc2 dxe4 14. dxe4 Ne6
15. Bb3 a5 16. Ng5 Nxg5 17. Bxg5 Nd7 18. Rad1 Nc5 19. Bxf7+ Qxf7 20. Rxd6 Qxa2
21. Ng3 Qf7 22. Be3 Ne6 1/2-1/2

[Event "SC Hansa Dortmund 2 - Aachener SV 1"]
[Site "Oberliga NRW 2012/2013"]
[Date "2012.10.21"]
[Round "2.3"]
[White "Klein, Felix"]
[Black "Karger, Frank"]
[Result "1/2-1/2"]
[WhiteElo "2287"]
[BlackElo "2245"]
[Annotator "Doe,John"]
[PlyCount "106"]
[EventDate "2012.??.??"]
[WhiteTeam "Aachener SV 1"]
[BlackTeam "SC Hansa Dortmund 2"]

1. e4 c5 2. Nf3 e6 3. d4 cxd4 4. Nxd4 a6 5. Bd3 Nf6 6. O-O d6 7. c4 Be7 8. Nc3
O-O 9. Qe2 b6 10. Kh1 Bb7 11. f4 g6 12. b3 Re8 13. Bb2 Nbd7 14. Rad1 Qc7 15.
Nf3 Rad8 16. Ng5 Nh5 17. Qg4 Bf6 18. Bb1 Bg7 19. f5 Ne5 20. Qh3 Qe7 21. Bc1 Bf6
22. fxg6 fxg6 23. Nf3 Rf8 24. Ne2 Nxf3 25. Rxf3 d5 26. exd5 exd5 27. Re3 dxc4
28. Rg1 Qd7 29. Qxd7 Rxd7 30. bxc4 Bg5 31. Rd3 Rxd3 32. Bxd3 Bxc1 33. Rxc1 Rf2
34. Rg1 Kg7 35. a3 g5 36. Nc3 Nf6 37. Nd5 Rd2 38. Bf1 Ne4 39. h3 Ng3+ 40. Kh2
Nxf1+ 41. Rxf1 Bxd5 42. cxd5 Rxd5 43. Rc1 Rd3 44. Rc7+ Kg6 45. Rc6+ Kf7 46.
Rxb6 Rxa3 47. Rb7+ Kg6 48. Rb6+ Kf5 49. Rh6 a5 50. Rxh7 $11 Rd3 51. Ra7 Rd5 52.
Kg3 Ke4 53. h4 gxh4+ 1/2-1/2

[Event "SC Hansa Dortmund 2 - Aachener SV 1"]
[Site "Oberliga NRW 2012/2013"]
[Date "2012.10.21"]
[Round "2.4"]
[White "Rumpf, Thomas"]
[Black "Coenen, Norbert"]
[Result "0-1"]
[WhiteElo "2085"]
[BlackElo "2272"]
[PlyCount "56"]
[EventDate "2012.??.??"]
[WhiteTeam "SC Hansa Dortmund 2"]
[BlackTeam "Aachener SV 1"]

1. c4 c5 2. Nc3 Nf6 3. g3 d5 4. cxd5 Nxd5 5. Bg2 Nc7 6. Qa4+ Qd7 7. Nf3 Nc6 8.
O-O e5 9. e3 Be7 10. Rd1 Rb8 11. d4 b5 12. Nxb5 Nxb5 13. d5 Nd8 14. Nxe5 Qc7
15. e4 O-O 16. Nc4 f6 17. Bf4 Nd6 18. Rac1 N8f7 19. Qc2 Bd7 20. b3 Rbc8 21. h4
Rfe8 22. Re1 Bf8 23. Nb2 Ne5 24. Be3 Bg4 25. Bxc5 Nf3+ 26. Bxf3 Bxf3 27. Qd3
Bxe4 28. Bxd6 Qxc1 0-1

[Event "SC Hansa Dortmund 2 - Aachener SV 1"]
[Site "Oberliga NRW 2012/2013"]
[Date "2012.10.21"]
[Round "2.5"]
[White "Begnis, Nikolaos"]
[Black "Sundorf, Jannik"]
[Result "1-0"]
[WhiteElo "2243"]
[BlackElo "2165"]
[PlyCount "67"]
[EventDate "2012.??.??"]
[WhiteTeam "Aachener SV 1"]
[BlackTeam "SC Hansa Dortmund 2"]

1. e4 c5 2. Nf3 g6 3. d4 cxd4 4. Nxd4 Nf6 5. Nc3 d6 6. f4 Nc6 7. Nxc6 bxc6 8.
e5 Nd7 9. exd6 exd6 10. Be3 Qe7 11. Qd2 Bg7 12. O-O-O O-O 13. Bd4 Nf6 14. Be2
Rb8 15. Bf3 Be6 16. Bxc6 Rfc8 17. Ba4 Qb7 18. Bb3 a5 19. Rde1 Bxb3 20. axb3 a4
21. Bxf6 Bxf6 22. Nd5 Bh4 23. b4 Bxe1 24. Rxe1 Rc4 25. f5 Rh4 26. g3 Rxh2 27.
Nf6+ Kg7 28. Qxh2 Kxf6 29. Qh4+ g5 30. Qh6+ Kxf5 31. Qxh7+ Kg4 32. Re4+ Kxg3
33. Qf5 Re8 34. Rg4+ 1-0

[Event "SC Hansa Dortmund 2 - Aachener SV 1"]
[Site "Oberliga NRW 2012/2013"]
[Date "2012.10.21"]
[Round "2.6"]
[White "Babar, Michael"]
[Black "Dischinger, Frank"]
[Result "1/2-1/2"]
[WhiteElo "2143"]
[BlackElo "2117"]
[PlyCount "41"]
[EventDate "2012.??.??"]
[WhiteTeam "SC Hansa Dortmund 2"]
[BlackTeam "Aachener SV 1"]

1. Nf3 c5 2. c4 Nc6 3. Nc3 g6 4. g3 Bg7 5. Bg2 e5 6. O-O Nge7 7. Ne1 O-O 8. Nc2
d6 9. Ne3 Be6 10. a3 Qd7 11. Ned5 Bh3 12. b4 Bxg2 13. Kxg2 e4 14. Rb1 f5 15. d3
exd3 16. Qxd3 Ne5 17. Nxe7+ Qxe7 18. Qd5+ Nf7 19. Bd2 b6 20. Rfe1 Rfe8 21. Rbd1
1/2-1/2

[Event "SC Hansa Dortmund 2 - Aachener SV 1"]
[Site "Oberliga NRW 2012/2013"]
[Date "2012.10.21"]
[Round "2.7"]
[White "Titgemeyer, Sven"]
[Black "Rempel, Eugen"]
[Result "1/2-1/2"]
[WhiteElo "1963"]
[BlackElo "2115"]
[PlyCount "105"]
[EventDate "2012.??.??"]
[WhiteTeam "Aachener SV 1"]
[BlackTeam "SC Hansa Dortmund 2"]

1. e4 e5 2. Nf3 Nc6 3. Bb5 a6 4. Ba4 Nf6 5. O-O Be7 6. Re1 b5 7. Bb3 O-O 8. c3
d6 9. d4 Bg4 10. Be3 exd4 11. cxd4 Na5 12. Bc2 Nc4 13. Bc1 c5 14. b3 Nb6 15.
dxc5 dxc5 16. Qxd8 Rfxd8 17. Ne5 Rac8 18. Nxg4 Nxg4 19. a4 Bf6 20. Ra2 Bd4 21.
Bd1 Nxf2 22. Rxf2 c4 23. axb5 axb5 24. Bg4 Bxf2+ 25. Kxf2 Ra8 26. Be3 Nd7 27.
bxc4 Ne5 28. Be2 Ra2 29. Kf1 bxc4 30. Rc1 Rb2 31. Nc3 Nd3 32. Rd1 Rb3 33. Nd5
Re8 34. Bf3 Reb8 35. Ke2 Rb2+ 36. Rd2 Rb1 37. Rc2 R8b2 38. Kd2 Ne5 39. Be2 f6
40. Bd4 Rxc2+ 41. Kxc2 Rh1 42. h3 Rh2 43. Ne3 Nd3 44. Kc3 Rh1 45. Bf1 Kf7 46.
Kd2 Kg6 47. Ke2 Nc1+ 48. Kf3 Nd3 49. Bc3 h5 50. Ke2 Nc5 51. Kf3 Nd3 52. Bd4 Kg5
53. Bc3 1/2-1/2

[Event "SC Hansa Dortmund 2 - Aachener SV 1"]
[Site "Oberliga NRW 2012/2013"]
[Date "2012.10.21"]
[Round "2.8"]
[White "Prueske, Wolfgang"]
[Black "Hagmanns, Raphael"]
[Result "1/2-1/2"]
[WhiteElo "2005"]
[BlackElo "1811"]
[PlyCount "128"]
[EventDate "2012.??.??"]
[WhiteTeam "SC Hansa Dortmund 2"]
[BlackTeam "Aachener SV 1"]

1. e4 e5 2. Nf3 Nc6 3. d4 exd4 4. Nxd4 Bc5 5. Nb3 Bb6 6. Nc3 Nf6 7. Qe2 Qe7 8.
Bg5 Qe6 9. O-O-O d6 10. f3 Bd7 11. Bxf6 Qxf6 12. Nd5 Qg6 13. Kb1 Be6 14. Qd2
O-O 15. Bd3 Qh5 16. h4 f6 17. Nf4 Qe8 18. Bb5 Bd7 19. Bc4+ Kh8 20. h5 Ne5 21.
Be2 Be6 22. Nxe6 Qxe6 23. f4 Nc6 24. Bf3 Rad8 25. g4 a5 26. Qd5 Qe8 27. Rhe1 a4
28. Nc1 Bc5 29. Nd3 Nb4 30. Nxb4 Bxb4 31. c3 Bc5 32. Qxb7 Rb8 33. Qa6 Rb6 34.
Qc4 Qb8 35. Rd2 Qa7 36. Rg2 Rfb8 37. g5 fxg5 38. fxg5 Ba3 39. h6 Rxb2+ 40. Rxb2
Rxb2+ 41. Ka1 Rb8 42. hxg7+ Kxg7 43. Rh1 Bb2+ 44. Kb1 Bxc3+ 45. Kc2 Be5 46. Rb1
Rxb1 47. Kxb1 Qb6+ 48. Kc2 Qb2+ 49. Kd1 Qd4+ 50. Qxd4 Bxd4 51. Bh5 a3 52. Kc2
Be3 53. Kb3 Bc1 54. Be8 c5 55. Bh5 Kf8 56. g6 h6 57. Kc4 Bb2 58. Kd5 Ke7 59.
Bg4 Be5 60. Kc4 Kf6 61. Bf5 h5 62. Kd5 h4 63. Kc4 Bd4 64. Kd5 Be5 1/2-1/2

[Event "SV Wattenscheid 2 - SV Erkenschwick 1"]
[Site "Oberliga NRW 2012/2013"]
[Date "2012.10.21"]
[Round "2.1"]
[White "Bitalzadeh, Ali"]
[Black "Henrichs, Thomas"]
[Result "1/2-1/2"]
[WhiteElo "2395"]
[BlackElo "2508"]
[PlyCount "41"]
[EventDate "2012.??.??"]
[WhiteTeam "SV Erkenschwick 1"]
[BlackTeam "SV Wattenscheid 2"]

1. d4 Nf6 2. c4 e6 3. Nc3 Bb4 4. e3 O-O 5. Nge2 d5 6. a3 Be7 7. cxd5 exd5 8. g3
Re8 9. Bg2 a5 10. O-O Na6 11. h3 c6 12. Kh1 Nc7 13. f3 c5 14. Na4 Ne6 15. dxc5
Nxc5 16. Nf4 b6 17. g4 h6 18. Re1 Ba6 19. Bd2 Ne6 20. Nxe6 fxe6 21. Nc3 1/2-1/2

[Event "SV Wattenscheid 2 - SV Erkenschwick 1"]
[Site "Oberliga NRW 2012/2013"]
[Date "2012.10.21"]
[Round "2.2"]
[White "Mladenov, Svetlin"]
[Black "Erwich, Marc"]
[Result "1-0"]
[WhiteElo "2352"]
[BlackElo "2346"]
[PlyCount "73"]
[EventDate "2012.??.??"]
[WhiteTeam "SV Wattenscheid 2"]
[BlackTeam "SV Erkenschwick 1"]

1. e4 e5 2. Nf3 Nc6 3. Bb5 a6 4. Ba4 Nf6 5. O-O Be7 6. Re1 b5 7. Bb3 O-O 8. h3
d6 9. c3 Na5 10. Bc2 c5 11. d3 Re8 12. Nbd2 Bf8 13. Nf1 g6 14. Ng3 Bg7 15. Bg5
h6 16. Be3 c4 17. d4 Qc7 18. Qd2 Kh7 19. b4 Nc6 20. a4 Bb7 21. d5 Ne7 22. Nh2
Neg8 23. Rf1 Qe7 24. f4 exf4 25. Bxf4 Nd7 26. Nf3 Nb6 27. axb5 axb5 28. Nd4 Qd7
29. Ra5 Na4 30. Rb1 Rxa5 31. bxa5 Ra8 32. Nxb5 Rxa5 33. Nxd6 Ba6 34. e5 Ne7 35.
Ra1 Nxd5 36. Rxa4 Rxa4 37. Bxa4 1-0

[Event "SV Wattenscheid 2 - SV Erkenschwick 1"]
[Site "Oberliga NRW 2012/2013"]
[Date "2012.10.21"]
[Round "2.3"]
[White "Erwich, Frank A.S"]
[Black "Tereick, Benjamin"]
[Result "0-1"]
[WhiteElo "2331"]
[BlackElo "2373"]
[PlyCount "90"]
[EventDate "2012.??.??"]
[WhiteTeam "SV Erkenschwick 1"]
[BlackTeam "SV Wattenscheid 2"]

1. c4 c5 2. Nc3 g6 3. g3 Bg7 4. Bg2 Nc6 5. e3 e6 6. Nge2 Nge7 7. Nf4 a6 8. a3
b5 9. Nxb5 axb5 10. cxb5 d5 11. bxc6 Nxc6 12. O-O O-O 13. d3 Qb6 14. Qc2 Ba6
15. Rb1 Rfc8 16. Rd1 Rab8 17. Bd2 Ne5 18. b4 cxb4 19. Qb3 g5 20. Nh5 Bxd3 21.
Nxg7 Bxb1 22. Nh5 bxa3 23. Qxa3 Bg6 24. Nf6+ Kg7 25. Bc3 Rxc3 26. Qxc3 Qb2 27.
Ne8+ Kf8 28. Qxb2 Rxb2 29. Nc7 Ng4 30. h3 Nxf2 31. Rf1 Rc2 32. Nxe6+ fxe6 33.
Rxf2+ Rxf2 34. Kxf2 Ke7 35. h4 g4 36. h5 Bxh5 37. e4 Kd6 38. exd5 exd5 39. Ke3
Ke5 40. Bf1 Bg6 41. Bb5 d4+ 42. Kd2 h5 43. Bd7 Kf6 44. Ke2 Kg5 45. Kf2 Be4 0-1